| 000 | 00386nam a2200169Ia 4500 | ||
|---|---|---|---|
| 008 | 210210b1951 xxu||||| |||| 00| 0 eng d | ||
| 041 | _aeng | ||
| 082 | _a822/1096 | ||
| 100 | _aSHEPPARD (J T) | ||
| 245 | _aMusic at belmont | ||
| 260 |
_aLondon _bRupert Hart-Davis., _c1951 |
||
| 650 | _aMusic | ||
| 650 | _abelmont | ||
| 650 | _aat | ||
| 690 | _aEnglish Prose | ||
| 906 | _a013279 | ||
| 999 |
_c132144 _d132144 |
||